| 000 | 00385nam a2200133Ia 4500 | ||
|---|---|---|---|
| 008 | 231129s9999||||xx |||||||||||||| ||spa|| | ||
| 020 | _a958-04-1366-5 | ||
| 040 | _bspa | ||
| 082 | _a305.90816 P882n | ||
| 100 | _aPowell Thomas H. | ||
| 245 | 0 | _aEl niño especial: el papel de los hermanos en su educación | |
| 264 | _aNorma | ||
| 942 |
_2ddc _cBKS |
||
| 999 |
_c11863 _d11863 |
||